Wonder - Shawn Mendes (All Lyrics) - Statistics

General Stats
  • This quiz has been taken 643 times
  • The average score is 232 of 270
Answer Stats
Wonder % Correct
Verse 1 | Verse 2 I
100%
wonder
100%
be
99%
To
97%
to
97%
what
96%
you
96%
it
95%
like
95%
my
95%
a
94%
by
94%
it's
91%
loved
91%
The
91%
the
91%
if
90%
feel?
89%
feel
89%
i'm
89%
that
89%
Do
88%
do
88%
on
87%
close
86%
eyes
85%
and
83%
And
83%
mind
83%
only
83%
thing
83%
how
81%
real
80%
that's
80%
or
79%
too
79%
being
78%
before
77%
Chorus | Outro Right
76%
speak
76%
truth
76%
friends
75%
yeah
75%
world
74%
about
72%
black
72%
them
72%
white?
72%
forget
71%
dreaming
70%
they
70%
think
70%
live
69%
Hope
68%
don't
67%
me
67%
Of
67%
of
67%
so
67%
inside
66%
isn't
66%
nice
64%
filter
62%
wouldn't
62%
Been
61%
why
60%
man
57%
afraid
56%
some
56%
when
56%
cry
55%
less
54%
side
51%
hands
50%
never
49%
was
49%
will
47%
day
46%
into
46%
something
46%
makes
45%
alright
44%
said
44%
saint
44%
saying
44%
tell
44%
wrong
44%
you'll
43%
conditioned
41%
up
40%
end
38%
No matching quizzes found
Score Distribution
Percent of People with Each Score
Percentile by Number Answered
Your Score History
You have not taken this quiz